[Event "Cavarzere op 15th"]
[Site "Cavarzere"]
[Date "2012.10.27"]
[Round "4"]
[White "Bau, Lorenzo"]
[Black "Lodici, Lorenzo"]
[Result "0-1"]
[WhiteElo "1467"]
[BlackElo "1870"]
[PlyCount "72"]
[EventDate "2012.10.20"]
[EventType "swiss"]
[EventRounds "6"]
[EventCountry "ITA"]
[SourceTitle "EXT 2015"]
[Source "ChessBase"]
[SourceDate "2014.11.20"]
[SourceVersion "1"]
[SourceVersionDate "2014.11.20"]
[SourceQuality "1"]

1. d4 d5 2. Nf3 Nf6 3. Bg5 c5 4. Bxf6 gxf6 5. e3 e6 6. c3 Nd7 7. Nbd2 f5 8. g3 Bg7 9. Be2 0-0 10. 0-0 b6 11. Nh4 Bb7 12. Ng2 Qe7 13. f4 Nf6 14. Nf3 Ne4 15. Bd3 a6 16. Rc1 b5 17. Bxe4 dxe4 18. Ng5 Rfd8 19. Rf2 e5 20. Nh4 exd4 21. Qh5 h6 22. Nxf5 Qf6 23. Nh3 Rd5 24. g4 d3 25. Rd2 Kf8 26. c4 bxc4 27. Rxc4 Qe6 28. Nf2 Rxf5 29. gxf5 Qxc4 30. Kg2 Qc1 31. Rd1 Qxe3 32. f6 Bxf6 33. Qxh6+ Bg7 34. Qd6+ Kg8 35. Kg1 Qf3 36. Rf1 e3 0-1